Comisión de la Fihuat
Publicado:
San Jorge, núm. 90 - 91 (2n i 3r trimestre 1973), pàg 77 :
Materias:
Urbanisme -- Barcelona -- Congressos
MARC
| LEADER | 00000nam a2200000Ia 4500 | ||
|---|---|---|---|
| 003 | BGR | ||
| 005 | 20260324175814.0 | ||
| 008 | 160829s9999 xx 000 0 cat d | ||
| 245 | |a Comisión de la Fihuat | ||
| 260 | |a San Jorge, núm. 90 - 91 (2n i 3r trimestre 1973), pàg 77 | ||
| 650 | |a Urbanisme |x Barcelona |x Congressos |9 41933 | ||
| 710 | 2 | |a Fédération Internationale pour l'Habitation, l'Urbanisme et l'Aménagement des Territoires |9 70951 | |
| 901 | |a Arxiu | ||
| 942 | |n 1 |2 udc |c MON | ||
| 952 | |0 0 |1 0 |4 0 |7 1 |9 50556 |a Arxiu |b Arxiu |d 2016-12-01 |l 0 |r 2016-12-01 00:00:00 |w 2016-12-01 |y ARXIU | ||
| 999 | |c 54398 |d 54398 | ||